Евгений Босилков български епископ и мъченик защитник на правата на Бога и на човека (Запис номер 29796)
[ съкратено ]
| 000 -Лидер | |
|---|---|
| Контролно поле с фиксирана дължина | 01747nam a2200409 c 4500 |
| 003 - Код на организацията, давaща контролен номер | |
| Контролно поле | BLK |
| 005 - Дата и час на последна редакция | |
| Контролно поле | 20240321122533.0 |
| 008 - Елементи от данни с фиксирана дължина | |
| fixed length control field | 180407b bul|||||r ||||||| ||bul|| |
| 010 ## - Наследен системен номер | |
| LC control number | KNG00032421000 |
| 040 ## - Източник на каталожния запис | |
| Идентификатор на билиотеката - собственик на записа | BLK |
| 041 ## - Код за език | |
| Код за езика на текст/звукозапис или на отделно заглавие | Български |
| Код за езика КДБФ | Български |
| 072 #7 - Код за тематичната категория | |
| Код организация | bullib |
| Код за тематична категория | К |
| Текст | Краезнание |
| 080 ## - УДК | |
| Текстов определител УДК | Римокатолическа църква |
| УДК код - определител по УДК | 282 |
| УДК определител | (092) |
| УДК - код + определител | 282(092) |
| 080 ## - УДК | |
| Текстов определител УДК | Светско име Викентий. Епископ, български католически духовник, монах пасионист, блажен |
| УДК код - определител по УДК | 929 Босилков, Евгений |
| УДК - код + определител | 929 Босилков, Евгений |
| 100 1# - Редна дума - Автор | |
| Автор | Таконе, Фернандо |
| Авторска отговорност | първи автор |
| R(LIN) | 127393 |
| 139 ## - Редно поле | |
| Редна дума | Таконе, Фернандо |
| Авторски знак | Тако - Т 22 |
| 245 10 - Сведения за заглавието | |
| Заглавие | Евгений Босилков български епископ и мъченик защитник на правата на Бога и на човека |
| Редно поле (дума) | Фернандо Таконе. |
| 260 ## - Област на издателските данни | |
| Име на издателя, разпространителя и проч. | Католическа Ник. епархия |
| Година на издаване | 1998 |
| 300 ## - Физическа характеристика | |
| Страници | 238 с. |
| Размери/Мащаб | 21 см |
| 380 ## - Жанр | |
| Жанр | Религия. Теология |
| 600 14 - Име на лице, използвано като предмет | |
| За него / За нея | Босилков, Евгений |
| Свързани дати | 16.11.1900 - 12.11.1952 |
| 9 (RLIN) | 221850 |
| 650 #4 - Допълнително описание по предмет – тема | |
| Основно описание – тема или топоним | Духовници, католически - България |
| 9 (RLIN) | 249854 |
| 650 #4 - Допълнително описание по предмет – тема | |
| Основно описание – тема или топоним | Католическа църква - България - история |
| 9 (RLIN) | 242256 |
| 653 ## - Ключова дума – ненормативна | |
| Ключова дума | Евгений Босилков |
| 653 ## - Ключова дума – ненормативна | |
| Ключова дума | католицизъм |
| 653 ## - Ключова дума – ненормативна | |
| Ключова дума | католици |
| 653 ## - Ключова дума – ненормативна | |
| Ключова дума | духовници |
| 659 ## - Тематичен бюлетин | |
| Тематичен бюлетин | К |
| 852 ## - Местоположение | |
| Форматна сигнатура | Цб 197989 |
| 852 ## - Местоположение | |
| Форматна сигнатура | К 2/Б 68 Е |
| 856 4# - Електронен адрес и достъп | |
| Електронен формат | pdf - файл |
| 856 4# - Електронен адрес и достъп | |
| Електронен формат | pdf - файл |
| 999 ## - СИСТЕМНИ КОНТРОЛНИ НОМЕРА | |
| Koha biblionumber | 29796 |
| Koha biblioitemnumber | 29796 |
| 942 ## - АРТИКУЛИ | |
| Вид на библиотечния материал | Книги |
| Скрит в OPAC | Не |
| Koha issues (borrowed), all copies | 1 |
| Периодичен библиозапис | Да |
| 944 ## - СЪЗДАВАНЕ И РЕДАКЦИЯ на ЗАПИСА | |
| Създаване/Редакция | Създаване |
| Дата на регистрацията/редакция | 15.01.2003 |
| Служител, извършил регистрацията/редакцията | 30545 |
| Статус, дата на статуса | Нора Радева |
| 944 ## - СЪЗДАВАНЕ И РЕДАКЦИЯ на ЗАПИСА | |
| Създаване/Редакция | Редакция |
| Дата на регистрацията/редакция | 18.12.2013 |
| 999 ## - СИСТЕМНИ КОНТРОЛНИ НОМЕРА | |
| Koha biblioitemnumber | 29796 |
| Код за отписване | Код за изгубен артикул | Източник на класификационната схема | Код за повреда | Коз за рестрикции | Код за отдаване | Артикулен № | Име на библиотеката - собственик | Име на библиотеката, в която се намира в момента | Статус (Текущо местоположение) | Дата на вписване в системата | Местоположение - отдел | Цена в лева | Инвентарен номер | Систематично азбучна сигнатура | Баркод | Номер на екземпляра | Цена в евро | Служебна бележка | Служебен тип на артикула |
|---|---|---|---|---|---|---|---|---|---|---|---|---|---|---|---|---|---|---|---|
| Не е изгубен | Universal Decimal Classification | Не е повреден | без рестрикции | ползва се в читалня | 47830 | Регионална библиотека "Любен Каравелов" Русе | Регионална библиотека "Любен Каравелов" Русе | Краезнание | 2001-01-01 | Краезнание | 3.80 | 643121 | К 2/Б 68 Е | 120000643121 | 1 | 1.94 | Дата инв: 08.11.2017 Бележки инв: К2017 | Книги | |
| Не е изгубен | Universal Decimal Classification | Не е повреден | без рестрикции | ползва се в читалня | 47831 | Регионална библиотека "Любен Каравелов" Русе | Регионална библиотека "Любен Каравелов" Русе | Хранилище | 2001-01-01 | Основен фонд - ползва се само за читалня | 6.00 | 659237 | Цб 197989 | 120000659237 | 2 | 3.07 | Книги | ||
| Не е изгубен | Universal Decimal Classification | Не е повреден | без рестрикции | заемане за дома | 47832 | Регионална библиотека "Любен Каравелов" Русе | Регионална библиотека "Любен Каравелов" Русе | Заемна - подръчен фонд | 2001-01-01 | Заемна - подръчен фонд | 6.00 | 659238 | П 27(092)/Б 68 Е | 120000659238 | 3 | 3.07 | Дата инв: 02.02.2018 Бележки инв: П2018 | Книги | |
| Изтеглен | Не е изгубен | Universal Decimal Classification | Не е повреден | без рестрикции | заемане за дома | 47833 | Регионална библиотека "Любен Каравелов" Русе | Регионална библиотека "Любен Каравелов" Русе | Заемна - подръчен фонд | 2001-01-01 | Заемна - подръчен фонд | 6.00 | 659239 | П 23/28(092)/Б 68 Е | 659239 | 4 | 3.07 | Дата инв: 19.02.2018 Бележки инв: П2018 | Книги |
| Не е изгубен | Universal Decimal Classification | Не е повреден | без рестрикции | заемане за дома | 47834 | Регионална библиотека "Любен Каравелов" Русе | Регионална библиотека "Любен Каравелов" Русе | Заемна - подръчен фонд | 2001-01-01 | Заемна - подръчен фонд | 6.00 | 659240 | П 27(092)/Б 68 Е | 120000659240 | 5 | 3.07 | Дата инв: 02.02.2018 Бележки инв: П2018 | Книги |